| 000 | 00364pam a2200145 a 4500 | ||
|---|---|---|---|
| 020 | _c | ||
| 041 | _h | ||
| 082 |
_a738 _bATK |
||
| 100 | _aJaequi Atkin. | ||
| 245 |
_aHandbuilt Pottery Techniques rehealed _bHandbuilt Pottery Techniques rehealed _hTextual Documents |
||
| 250 | _a2004. | ||
| 260 |
_a[s.l]: _bBarrons |
||
| 300 |
_a160: _bpaper. |
||
| 930 | _a2986 | ||
| 999 |
_c236776 _d236776 |
||